Irredimible: diario 1973

Uloženo v:
Podrobná bibliografie
Hlavní autor: Montecino Slaughter, Marcelo Tomás (autor)
Další autoři: Jocelyn-Holt Letelier, Alfredo (autor)
Médium: Kniha
Jazyk:španělština
angličtina
Vydáno: Santiago Ocho Libros 2011
Vydání:1a. ed
Témata:
Tagy: Přidat tag
Žádné tagy, Buďte první, kdo vytvoří štítek k tomuto záznamu!

MARC

LEADER 00000cam a2200000 a 4500
001 UCE1924
003 CL-VaPUC
008 140526e20110000cl |||||||||||||||||spa|d
020 |a 9789563350593 
041 0 7 |a spa  |2 CL-VaPUC 
041 0 7 |a eng  |2 CL-VaPUC 
082 0 4 |a 770.92  |b MON  |2 21 
100 |a Montecino Slaughter, Marcelo Tomás  |e autor  |9 573920 
700 |a Jocelyn-Holt Letelier, Alfredo  |e autor  |9 739950 
245 1 0 |a Irredimible: diario 1973 
250 |a 1a. ed 
300 |a 208 p 
942 |c BK 
945 |d 20140526 07:41:00  |a dcastane 
260 |a Santiago  |b Ocho Libros  |c 2011 
650 0 |a Fotografía documental   |9 268698 
650 0 |a Historia de Chile 1973  |9 308179 
650 0 |a Fotografías artísticas  |9 535989 
583 |a last modification  |c 20190812 09:22:17  |k Rodrigo Vera 
999 |c 355607  |d 355605 
952 |0 0  |1 0  |3 erb  |4 0  |6 770_920000000000000_MON_2011  |7 0  |8 R  |9 462382  |a BIBART  |b BIBART  |i 5075033  |l 2  |o 770.92 MON 2011  |p 5075033  |r 2025-03-13  |s 2022-09-05  |w 2019-11-23  |y BK_R  |z Catalogado en:20140526  |k ART